000 00372nam a22001571a 4500
020 _a9788170280057
082 _aH3
_bAMR/N
100 _aAmrit Lal Nagar
245 _aNachyo bahut gopal/
_cby Amrit Lal Nagar
260 _aNew Delhi:
_bRajpal,
_c1991.
300 _a345p.
650 _aNovel Hindi
650 _aLiterature Hindi
650 _aLiterature
942 _cBK
999 _c30142
_d30142